00772nam a2200253 a 4500001001300000003000900013005001700022008004100039020002300080082001700103100002500120245004100145260003200186300000900218500003500227505001300262650003500275650003300310700002500343902000800368942000700376952011800383999001700501nice12345678IN_TiNIC20260116013642.0050524s1995 dela grp 000 0 eng  a0670544 c25000a954.092bKRI aKrishnamurti, Yamini aPassion for Danceb an Autobiography aDelhibPenguin Books c1995 a210p aincludes index and biblioraphy2 aAppendix aYamini Krishnamurthy-Biography aBharatanatyam and Kuchi Pudi1 aKrishnamurti, Yamini bSRS cBK 001040708StackRoom-aHMIbHMId2007-08-01g250.00l0o954.092 KRIp016543r2007-08-01v250.00w2005-05-24yBK c11811d11811